| 000 | 00696cam a22002413a 4500 | ||
|---|---|---|---|
| 001 | 22433 | ||
| 003 | PGUSA | ||
| 005 | 20140828083457.0 | ||
| 008 | 070829s2007||||xxu|||||s|||||000 1 eng d | ||
| 040 |
_aPGUSA _beng |
||
| 042 | _adc | ||
| 050 | 4 | _aPZ | |
| 100 | 1 |
_aOptic, Oliver, _d1822-1897 |
|
| 245 | 1 | 0 |
_aBreaking Away ; _bor, The Fortunes of a Student _h[electronic resource] / _cOliver Optic |
| 260 |
_bProject Gutenberg, _c2007 |
||
| 506 | _aPublic domain in the USA. | ||
| 516 | _aElectronic text | ||
| 653 | _aStudents -- Juvenile fiction | ||
| 700 | 1 | _aKilburn, Samuel Smith | |
| 830 | 0 |
_aProject Gutenberg _v22433 |
|
| 856 | 4 | 0 | _uhttp://www.gutenberg.org/ebooks/22433 |
| 942 | _cEB | ||
| 999 |
_c251688 _d251688 |
||